000 00473nam a22001577a 4500
005 20241108142435.0
008 241108b |||||||| |||| 00| 0 eng d
020 _a9789350280584
100 _aMalik Vijay
245 _aLaw Relating to Drugs and Cosmetics
250 _aUpdated 21st Edition with Supplement November, 2010
260 _aLucknow, India
_bEastern Book Company
_c2010
300 _axlviii, 1256 pages
_c24 cm
650 _2Drugs Law
_xIndia
942 _2lcc
_cBK
_n0
999 _c887
_d887